000 00621nam a2200193 i 4500
001 25534
003 ES-MaACL
005 20230906153304.0
007 t|
008 021227s1962 sp a e |||| | spa d
100 1 _aArmenteras Estalella, Antonio de.
_922959
245 1 0 _aEnciclopedia de la cortesía y del trato social /
_cpor Antonio de Armenteras Estalella ; revisión religiosa por Ramón Castelltort.
250 _a1ª ed.
260 _aBarcelona :
_bGassó,
_c1962.
300 _a362 p. :
_bil. ;
_c20 cm.
650 _aEtiqueta.
_912596
700 1 _aCastelltort, Ramón.
_936603
852 _aES-MaACL
_jC-22238
999 _c25534
_d25534